000 00619nam a22001937a 4500
003 OSt
005 20251010012810.0
008 251009b |||||||| |||| 00| 0 eng d
020 _a978-93-313-2074-0
040 _aDWCL-Main lib.
_cOC
082 _aCirc. 150.1523 G977p 2013
100 _aGupta, Sanjay Kumar M.
245 _aPsychology of learner and teaching learning process/
_cGupta, Sanjay Kumar M.
260 _aNew Delhi :
_bA.P.H. Publishing,
_c c2013.
300 _ax, 94 pages ;
_c23 cm.
650 _a1. Learning, Psychology of.
650 _a2. Classroom management.
942 _2ddc
_cBK-CIRC
_kCirc.
_n0
999 _c4770
_d4770